Statistics for Famous Literature Fractured

Click here to take the quiz!

General Stats

  • This quiz has been taken 8,267 times
  • The average score is 10 of 18

Answer Stats

Fractured TitleAnswer% Correct
Bray venue whirledBrave New World
94%
Nigh in tea neigh tee foreNineteen Eighty-Four
87%
Raw bins and cruise sewRobinson Crusoe
84%
Lid allows under prayer reLittle House on the Prairie
72%
Dick hat Turin their eyeThe Catcher in the Rye
69%
Did a finch eke odeThe Da Vinci Code
65%
Them mole tease if elk inThe Maltese Falcon
60%
Ease Stevie dinEast of Eden
58%
Lawyer dove deaf liesLord of the Flies
58%
Up reef fist tree oft I'mA Brief History of Time
54%
Owl choir it under west
tin for runt
All Quiet on the
Western Front
52%
One's house in din
won knights
One Thousand and
One Nights
52%
Weather why old think TsarWhere the Wild Things Are
49%
At hail lift ooze it easeA Tale of Two Cities
47%
Sill oughta how is if hiveSlaughterhouse-Five
42%
Diss cigar little EttaThe Scarlet Letter
36%
Zeal comb missedThe Alchemist
29%
Day injure wrestle yay songsDangerous Liaisons
28%

Score Distribution

Percentile by Number Answered

Percent of People with Each Score

Your Score History

You have not taken this quiz